[Event "Mistrzostwa Polski Juniorow do lat 18 - Chlopcy"]
[Site "Jastrzebia Gora"]
[Date "1899-12-30"]
[Round "5.15"]
[White "Krasniewski, Szymon"]
[Black "Syrkiewicz, Michal"]
[Result "1-0"]
[WhiteTitle "I"]
[BlackTitle "k"]
[WhiteElo "1771"]
[BlackElo "2000"]

1. d4 f5 2. c4 d6 3. Nf3 Nf6 4. Nc3 g6 5. g3 Bg7 6. Bg2 O-O 7. O-O Qe8 8. Re1 Qf7
9. Qd3 h6 10. b3 Nc6 11. Ba3 Rd8 12. Rad1 Bd7 13. d5 Ne5 14. Qc2 g5 15. Nd4 Qg6
16. e3 g4 17. Nce2 Rdc8 18. Nf4 Qg5 19. Nfe6 Bxe6 20. dxe6 Ne4 21. Nxf5 Qxf5 22.
Qxe4 Qxe4 23. Bxe4 Nf3+ 24. Bxf3 gxf3 25. e4 Rf8 26. Rd3 Rf6 27. Bb2 Rxe6 28.
Bxg7 Kxg7 29. Rxf3 c6 30. Rfe3 Rb8 31. Rc1 c5 32. f4 b5 33. Kf2 Rb6 34. cxb5 Rxb5
35. Rc4 Ra5 36. Rc2 Kf7 37. Kf3 Rg6 38. g4 Rg8 39. h4 Rh8 40. Rd3 Ra6 41. Kg3
Kf6 42. Rcd2 Rc6 43. Rc2 Ra6 44. Rd5 Rb8 45. g5+ hxg5 46. hxg5+ Kg6 47. Kg4 Rh8
48. Rdd2 Rh1 49. Rh2 Rg1+ 50. Rcg2 Ra1 51. Rh6+ Kg7 52. Rhh2 Kg6 53. f5+ Kg7 54.
g6 Kf6 55. Kh5 Kg7 56. Kg5 d5 57. e5 c4 58. f6+ exf6+ 59. exf6+ Kg8 60. f7+ 1-0

[Event "Mistrzostwa Polski Juniorow do lat 18 - Chlopcy"]
[Site "Jastrzebia Gora"]
[Date "1899-12-30"]
[Round "5.16"]
[White "Kitewski, Bartosz"]
[Black "Paprocki, Antoni"]
[Result "1/2-1/2"]
[WhiteTitle "I++"]
[BlackTitle "k"]
[WhiteElo "1968"]
[BlackElo "2255"]

1. e4 c6 2. d4 d5 3. Nc3 dxe4 4. Nxe4 Bf5 5. Ng3 Bg6 6. h4 h6 7. Nh3 e6 8. Nf4
Bh7 9. Bc4 Nf6 10. c3 Bd6 11. O-O O-O 12. Re1 Kh8 13. Qf3 Nbd7 14. Nd3 b5 15.
Bb3 c5 16. Nxc5 Nxc5 17. dxc5 Bxc5 18. Nh5 Nxh5 19. Qxh5 Rc8 20. Bf4 Bg6 21. Qg4
Bf5 22. Qg3 Qb6 23. Rad1 Rfd8 24. a3 a5 25. Be5 f6 26. Rxd8+ Rxd8 27. Bc7 Bxf2+
28. Qxf2 Qxc7 29. Bxe6 Bxe6 30. Rxe6 Rd1+ 31. Re1 Qd6 32. Rxd1 Qxd1+ 33. Kh2 Qd5
34. g3 a4 35. Qe3 h5 36. Qe2 Kh7 37. Qe3 Qe5 38. Qd3+ Kg8 39. Kg2 Kf7 40. Qd7+
Kg6 41. Qd3+ Qf5 42. Qe2 Qd5+ 43. Kh2 Kf7 44. Qe3 Qd1 45. Qa7+ Kg6 46. Qe3 Qc2+
47. Kh3 Qb1 48. Qe8+ Kh6 49. Qh8+ Qh7 50. Qc8 Qe4 51. Kh2 Kg6 52. Qd7 Qc2+ 53.
Kg1 Qc1+ 54. Kg2 Qxb2+ 55. Kh3 Qe2 56. Qc7 Qc4 57. Qe7 Kh7 58. Qe8 Qf1+ 59. Kh2
Qf2+ 60. Kh3 Qf3 61. Kh2 Qd5 62. Qc8 Qe5 63. Qd7 f5 64. Qd2 Qe4 65. Qd1 Qg4 66.
Qd3 Kh6 67. Qxb5 f4 68. Qd3 fxg3+ 69. Qxg3 Qxg3+ 70. Kxg3 g5 71. c4 Kg6 72. c5
gxh4+ 73. Kxh4 Kf6 74. Kxh5 Ke6 75. Kg4 Kd5 76. Kf4 Kxc5 77. Ke3 Kc4 78. Kd2 Kb3
79. Kc1 Kxa3 80. Kb1 Kb3 81. Ka1 a3 82. Kb1 a2+ 83. Ka1 Ka3 1/2-1/2

[Event "Mistrzostwa Polski Juniorow do lat 18 - Chlopcy"]
[Site "Jastrzebia Gora"]
[Date "1899-12-30"]
[Round "5.17"]
[White "Kozlowski, Franciszek"]
[Black "Kotowicz, Kamil"]
[Result "1/2-1/2"]
[WhiteTitle "I+"]
[BlackTitle "I"]
[WhiteElo "1829"]
[BlackElo "1828"]

1. d4 Nf6 2. Bf4 c5 3. e3 d5 4. c3 Nc6 5. Nd2 e6 6. Ngf3 Be7 7. h3 Bd6 8. Bxd6
Qxd6 9. Bb5 O-O 10. O-O cxd4 11. exd4 a6 12. Bd3 Bd7 13. Re1 Ne7 14. Ne5 Ng6 15.
Nxg6 hxg6 16. Nf3 b5 17. Qd2 Rfb8 18. a3 Be8 19. Ne5 Nd7 20. Ng4 a5 21. Qe2 Nb6
22. h4 b4 23. axb4 axb4 24. Ne5 bxc3 25. bxc3 Rxa1 26. Rxa1 Qc7 27. Rc1 Qe7 28.
Rb1 Nd7 29. Rxb8 Nxb8 30. h5 gxh5 31. Qxh5 g6 32. Qe2 Nd7 33. Ng4 Nf6 34. Ne5
Kg7 1/2-1/2

[Event "Mistrzostwa Polski Juniorow do lat 18 - Chlopcy"]
[Site "Jastrzebia Gora"]
[Date "1899-12-30"]
[Round "5.18"]
[White "Malik, Maciej"]
[Black "Kossowski, Pawel"]
[Result "1/2-1/2"]
[WhiteTitle "k"]
[BlackTitle "I"]
[WhiteElo "2163"]
[BlackElo "1766"]

1. e4 e5 2. Nf3 Nc6 3. d4 exd4 4. Nxd4 Bc5 5. Nb3 Bb4+ 6. c3 Be7 7. Be2 Nf6 8.
Qc2 d5 9. N1d2 O-O 10. O-O Re8 11. Bf3 Ne5 12. exd5 Nxf3+ 13. Nxf3 Qxd5 14. Qd2
Bg4 15. Qxd5 Nxd5 16. Nfd4 c5 17. Nc2 b6 18. Ne3 Nxe3 19. Bxe3 a5 20. Nd2 Be6
21. Rfd1 Red8 22. Kf1 Rd3 23. Ke2 Rad8 24. h3 a4 25. Rdc1 Bc8 26. b3 Ba6 27. Nc4
Bf6 28. Rd1 axb3 29. axb3 Bxc4 30. bxc4 Rxd1 31. Rxd1 Rxd1 32. Kxd1 Bxc3 33. Kc2
Be5 34. Kb3 Kf8 35. Ka4 Ke8 1/2-1/2

[Event "Mistrzostwa Polski Juniorow do lat 18 - Chlopcy"]
[Site "Jastrzebia Gora"]
[Date "1899-12-30"]
[Round "5.19"]
[White "Smuda, Tomasz"]
[Black "Jedraszek, Pawel"]
[Result "1/2-1/2"]
[WhiteTitle "I"]
[BlackTitle "I+"]
[WhiteElo "1654"]
[BlackElo "1944"]

1. Nf3 Nf6 2. c4 g6 3. Nc3 Bg7 4. e4 d6 5. d4 O-O 6. Be2 e5 7. dxe5 dxe5 8. Qxd8
Rxd8 9. Bg5 Re8 10. Nd5 Nxd5 11. cxd5 c6 12. Bc4 cxd5 13. Bxd5 Nc6 14. O-O-O a5
15. Bxc6 bxc6 16. Rd6 Be6 17. Kb1 Rec8 18. Rhd1 h6 19. Rd8+ Kh7 20. Rxc8 Rxc8
21. Be3 a4 22. Rc1 f5 23. Nd2 Bf8 24. f3 Bd6 25. Nc4 Bc7 26. b4 axb3 27. axb3
Kg7 28. Kb2 Kf6 29. Kc3 Ra8 30. Rc2 h5 31. Bc5 Ra6 32. Nb2 Ba5+ 33. b4 Bc7 34.
Nc4 Ra8 35. Rd2 Bxc4 36. Kxc4 Ke6 37. Kb3 Ra1 38. Ra2 Rxa2 39. Kxa2 Bd8 40. Kb3
Bc7 41. Kc4 Bd8 42. Be3 1/2-1/2

[Event "Mistrzostwa Polski Juniorow do lat 18 - Chlopcy"]
[Site "Jastrzebia Gora"]
[Date "1899-12-30"]
[Round "5.20"]
[White "Pisarek, Jan"]
[Black "Bem, Tymoteusz"]
[Result "1-0"]
[WhiteTitle "I"]
[BlackTitle "I"]
[WhiteElo "1931"]
[BlackElo "1748"]

1. e4 c5 2. Nf3 Nc6 3. Bb5 g6 4. O-O Bg7 5. c3 e5 6. d4 cxd4 7. cxd4 Nxd4 8. Nxd4
exd4 9. Bf4 Ne7 10. Bd6 Qb6 11. Bxe7 Kxe7 12. Bc4 Rd8 13. Qf3 d5 14. exd5 Qd6
15. Nd2 f5 16. Rfe1+ Kf8 17. Bb3 Qf6 18. Rac1 Bd7 19. Rc7 Qd6 20. Rxb7 Re8 21.
Rxe8+ Rxe8 22. g3 Re1+ 23. Kg2 Be8 24. Rxa7 Qc5 25. Ra8 Qc1 26. Qd3 Rg1+ 27. Kh3
Re1 28. Nf3 Re4 29. d6 Bf6 30. d7 Qc6 31. Rxe8+ Kg7 32. d8=Q Bxd8 33. Rxd8 g5
34. Nxg5 Qh6+ 35. Kg2 Qxg5 36. Rg8+ 1-0

[Event "Mistrzostwa Polski Juniorow do lat 18 - Chlopcy"]
[Site "Jastrzebia Gora"]
[Date "1899-12-30"]
[Round "6.1"]
[White "Luczak, Filip"]
[Black "Dzida, Kamil"]
[Result "1/2-1/2"]
[WhiteTitle "FM"]
[BlackTitle "m"]
[WhiteElo "2345"]
[BlackElo "2333"]

1. b3 e5 2. Bb2 Nc6 3. e3 Nf6 4. Nf3 e4 5. Nd4 Nxd4 6. Bxd4 Be7 7. c4 O-O 8. Nc3
c5 9. Bxf6 Bxf6 10. Qc2 Bxc3 11. dxc3 Qe7 12. Be2 b6 13. Rd1 d6 14. Qd2 Rd8 15.
O-O Bb7 16. f4 d5 17. Qc2 Qf6 18. cxd5 Bxd5 19. Rd2 Rd6 20. c4 Bc6 21. Rxd6 Qxd6
22. Rd1 Qf6 23. Qd2 Kf8 24. Bg4 Re8 25. a3 g6 26. b4 Ba4 27. Qd6+ Qxd6 28. Rxd6
f5 29. Be2 Ke7 30. bxc5 Rc8 31. Rd5 Rxc5 32. Rxc5 1/2-1/2

[Event "Mistrzostwa Polski Juniorow do lat 18 - Chlopcy"]
[Site "Jastrzebia Gora"]
[Date "1899-12-30"]
[Round "6.2"]
[White "Ochedzan, Tymon"]
[Black "Chyzy, Jakub"]
[Result "1-0"]
[WhiteTitle "FM"]
[BlackTitle "FM"]
[WhiteElo "2240"]
[BlackElo "2250"]

1. e4 e6 2. d4 d5 3. Nc3 Nf6 4. e5 Nfd7 5. f4 c5 6. Nf3 Nc6 7. Be3 a6 8. Qd2 b5
9. a3 Qa5 10. dxc5 Bxc5 11. Bxc5 Nxc5 12. Nd4 Nxd4 13. Qxd4 Na4 14. b4 Qb6 15.
Qxb6 Nxb6 16. Bd3 f6 17. O-O fxe5 18. fxe5 Bd7 19. Ne2 Ke7 20. Nd4 Raf8 21. Rxf8
Kxf8 22. Nb3 Ke7 23. Kf2 Nc4 24. Bxc4 dxc4 25. Nd4 Ra8 26. Rd1 a5 27. c3 axb4
28. axb4 Ra2+ 29. Ne2 Be8 30. h3 Bc6 31. Ke3 Bxg2 32. Rg1 Bxh3 33. Rxg7+ Kf8 34.
Rxh7 Bf5 35. Rb7 Rc2 36. Rxb5 Bg4 37. Nd4 Rxc3+ 38. Kf4 Rd3 39. Nc2 Bh3 40. Rc5
c3 41. b5 Bg2 42. b6 Bh1 43. Kg5 Ke7 44. Rc7+ Kd8 45. Nb4 Rd2 46. Rxc3 Rb2 47.
Rc4 Kd7 48. Rc7+ Kd8 49. Nc6+ Bxc6 50. Rxc6 Kd7 51. Rd6+ Ke7 52. Kf4 Rb4+ 53.
Ke3 Rb3+ 54. Kd4 Rb5 55. Kc4 Rb1 56. Kc5 Rb2 57. Rd4 Rc2+ 58. Rc4 Rb2 59. Kc6
Kd8 60. b7 1-0

[Event "Mistrzostwa Polski Juniorow do lat 18 - Chlopcy"]
[Site "Jastrzebia Gora"]
[Date "1899-12-30"]
[Round "6.3"]
[White "Kacprzak, Kacper"]
[Black "Biesiadecki, Adam"]
[Result "1/2-1/2"]
[WhiteTitle "k++"]
[BlackTitle "I"]
[WhiteElo "2248"]
[BlackElo "1761"]

1. e4 c5 2. Nf3 Nc6 3. Bb5 g6 4. Bxc6 dxc6 5. d3 Bg7 6. Nc3 e5 7. Be3 b6 8. h3
Ne7 9. Qd2 h6 10. O-O-O Be6 11. Ng1 Qd7 12. f4 exf4 13. Bxf4 O-O-O 14. Nf3 g5
15. Bh2 Ng6 16. Kb1 f5 17. exf5 Bxf5 18. g4 Be6 19. Rhe1 Bd5 20. Ne5 Nxe5 21.
Bxe5 Bxe5 22. Rxe5 Rde8 23. Rde1 Rxe5 24. Rxe5 Re8 25. Re3 Kd8 26. Kc1 Rxe3 27.
Qxe3 Qe7 28. Nxd5 cxd5 29. Kd2 Qf6 30. c3 Kd7 31. d4 1/2-1/2

[Event "Mistrzostwa Polski Juniorow do lat 18 - Chlopcy"]
[Site "Jastrzebia Gora"]
[Date "1899-12-30"]
[Round "6.4"]
[White "Luberanski, Jakub"]
[Black "Kaliszuk, Kamil"]
[Result "1/2-1/2"]
[WhiteTitle "FM"]
[BlackTitle "k"]
[WhiteElo "2242"]
[BlackElo "2217"]

1. d4 d5 2. c4 e6 3. Nc3 Nf6 4. Bg5 Be7 5. Nf3 O-O 6. Qc2 b6 7. cxd5 Nxd5 8. Bxe7
Qxe7 9. Nxd5 exd5 10. e3 Be6 11. Bd3 h6 12. O-O c5 13. dxc5 bxc5 14. e4 Nd7 15.
exd5 Bxd5 16. Rfe1 Qf6 17. Nd2 Qc6 18. Ne4 Ne5 19. Bf1 Qg6 20. Qc3 Rfe8 21. Ng3
Nd7 22. Bb5 Bc6 23. Bd3 Qg5 24. h4 Qxh4 25. Qxg7+ Kxg7 26. Nf5+ Kf6 27. Nxh4 Re5
28. Re2 Rxe2 29. Rb1 Re1+ 30. Rxe1 Ne5 31. Bf1 Bd5 32. b3 Rc8 33. Rd1 Be6 34.
f4 Ng6 35. Nxg6 Kxg6 36. Rc1 Kf6 37. Kf2 a5 38. Ke3 a4 39. bxa4 Bxa2 40. a5 Ke6
41. Be2 Bd5 42. g4 Kd6 43. Rb1 Re8+ 44. Kd2 c4 45. Bd1 Kc5 46. Ra1 Kd4 47. Ra3
Rc8 48. Rc3 Rc5 49. Ra3 Rc8 50. Rc3 Kc5 51. Ra3 Kd4 1/2-1/2

[Event "Mistrzostwa Polski Juniorow do lat 18 - Chlopcy"]
[Site "Jastrzebia Gora"]
[Date "1899-12-30"]
[Round "6.5"]
[White "Turski, Bartlomiej"]
[Black "Ciszewski, Krzysztof"]
[Result "0-1"]
[WhiteTitle "FM"]
[BlackTitle "I++"]
[WhiteElo "2352"]
[BlackElo "2047"]

1. Nf3 Nf6 2. c4 g6 3. Nc3 Bg7 4. e4 d6 5. d4 O-O 6. h3 e5 7. d5 a5 8. Be3 Na6
9. g4 Nc5 10. Nd2 c6 11. Be2 cxd5 12. cxd5 Bd7 13. g5 Ne8 14. h4 a4 15. a3 Qa5
16. h5 b5 17. hxg6 fxg6 18. Kf1 Rf7 19. Kg2 Rb8 20. Qc2 Qd8 21. f3 Rf4 22. Kf2
Qxg5 23. Rag1 Qe7 24. b4 axb3 25. Nxb3 Nxb3 26. Qxb3 Nc7 27. Na2 Na6 28. Nb4 Nxb4
29. Bxf4 exf4 30. Qxb4 Rc8 31. Bd3 Bc3 32. Qb3 Bd4+ 33. Ke2 Bxg1 34. Rxg1 Qh4
35. Rf1 Qh2+ 36. Kd1 Bh3 37. Re1 Qf2 38. e5 Qd4 39. Kd2 dxe5 40. Re4 Qa1 41. Re1
Qd4 42. Re4 Qf2+ 43. Re2 Qc5 44. d6+ Kf8 45. Qb2 Qxd6 46. Qxe5 Qxe5 47. Rxe5 Ra8
48. Re4 Rd8 49. Kc2 Bf5 50. Rxf4 Rxd3 51. Rxf5+ gxf5 52. Kxd3 Ke7 53. Ke3 Ke6
54. Kf4 h6 55. Kg3 Ke5 56. Kg2 Kf4 57. Kf2 h5 58. Kg2 h4 0-1

[Event "Mistrzostwa Polski Juniorow do lat 18 - Chlopcy"]
[Site "Jastrzebia Gora"]
[Date "1899-12-30"]
[Round "6.6"]
[White "Kolodziejski, Piotr"]
[Black "Karolczuk, Iwo"]
[Result "0-1"]
[WhiteTitle "k"]
[BlackTitle "FM"]
[WhiteElo "2118"]
[BlackElo "2346"]

1. e4 c5 2. Nf3 d6 3. d4 cxd4 4. Nxd4 Nf6 5. Nc3 a6 6. Bc4 e6 7. Bb3 Nbd7 8. Bg5
Nc5 9. f3 Be7 10. h4 Qc7 11. Qd2 b5 12. a4 b4 13. Nd1 O-O 14. O-O h6 15. Be3 e5
16. Ne2 Nxb3 17. cxb3 a5 18. Rc1 Qb7 19. Bf2 Be6 20. Qd3 Nd7 21. f4 exf4 22. Nxf4
Ne5 23. Qe3 Ng4 24. Qd3 Nxf2 25. Rxf2 Bxh4 26. g3 Bg5 27. Ne3 Rfe8 28. Rcf1 Bxf4
29. Rxf4 Qb6 30. Kh2 Rac8 31. Nf5 Rc5 32. Qxd6 Rc2+ 33. Kh1 Qxd6 34. Nxd6 Rd8
35. Nc4 Bxc4 36. bxc4 Rdd2 37. R1f3 Rh2+ 38. Kg1 Rcg2+ 39. Kf1 Rxb2 40. Kg1 Rbg2+
41. Kf1 Rc2 42. Kg1 Rhd2 43. Rxf7 Rd1+ 44. Rf1 Rxf1+ 45. Rxf1 b3 0-1

[Event "Mistrzostwa Polski Juniorow do lat 18 - Chlopcy"]
[Site "Jastrzebia Gora"]
[Date "1899-12-30"]
[Round "6.7"]
[White "Wojdak, Jan"]
[Black "Zdybel, Przemyslaw"]
[Result "1-0"]
[WhiteTitle "k"]
[BlackTitle "I++"]
[WhiteElo "2097"]
[BlackElo "2268"]

1. e4 e5 2. Nf3 Nc6 3. Bb5 a6 4. Ba4 Nf6 5. Nc3 b5 6. Bb3 Be7 7. d3 d6 8. a3 O-O
9. h3 Na5 10. Ba2 c5 11. Nd5 Nxd5 12. Bxd5 Bb7 13. c4 Bxd5 14. cxd5 f5 15. O-O
Rc8 16. Bd2 Nb7 17. a4 c4 18. axb5 axb5 19. exf5 Rxf5 20. dxc4 bxc4 21. Be3 Nc5
22. Nd2 Nd7 23. Qg4 g6 24. Ne4 Nf8 25. Rfc1 Ra8 26. Ng3 Rf7 27. Qxc4 Rxa1 28.
Rxa1 Bg5 29. Bxg5 Qxg5 30. Ne4 Qf4 31. Qe2 Rc7 32. Nxd6 Rc1+ 33. Rxc1 Qxc1+ 34.
Kh2 1-0

[Event "Mistrzostwa Polski Juniorow do lat 18 - Chlopcy"]
[Site "Jastrzebia Gora"]
[Date "1899-12-30"]
[Round "6.8"]
[White "Krasniewski, Szymon"]
[Black "Kacprzak, Karol"]
[Result "0-1"]
[WhiteTitle "I"]
[BlackTitle "k+"]
[WhiteElo "1771"]
[BlackElo "2221"]

1. Nf3 c5 2. g3 Nc6 3. Bg2 d5 4. O-O e5 5. d3 Be7 6. Nbd2 Be6 7. e4 d4 8. Ne1 g5
9. f4 gxf4 10. gxf4 exf4 11. Ndf3 Qc7 12. e5 Nh6 13. Bxf4 Nf5 14. Qe2 Rg8 15.
Kh1 O-O-O 16. c4 Rg6 17. Nc2 Rdg8 18. Rg1 Qd7 19. b4 cxb4 20. a3 bxa3 21. Nxa3
Bf8 22. Nb5 a6 23. Nd2 Bh6 24. Qf2 Bxf4 25. Qxf4 Rg4 26. Qf2 Nxe5 27. Ne4 Qe7
28. Nxd4 Nxd3 29. Qd2 Nxd4 30. Qxd3 Rd8 31. c5 Bf5 32. Nd6+ Qxd6 33. Qxf5+ Nxf5
34. cxd6 Kb8 35. Rgb1 Nxd6 36. Rxa6 Rd4 37. Rxd6 R8xd6 38. Rxb7+ Kc8 39. Rxf7
Rd1+ 40. Bf1 Rd7 41. Rf6 Rg7 42. h3 Rd2 43. Rf5 Kd7 44. Rf6 Ke7 45. Rf4 Rg6 46.
Rf3 Rdd6 47. Ra3 Rgf6 48. Ra1 Rd2 49. Re1+ Kf8 50. Ra1 Rfd6 51. Ra3 Rd1 52. Rf3+
Kg7 53. Kh2 Rf6 54. Rg3+ Kh6 55. Bg2 Rd2 56. h4 Rg6 57. Kh3 Rxg3+ 58. Kxg3 Rd3+
59. Bf3 Kg6 60. Kf4 Kf6 61. Be4 Rd7 62. Bf3 Rd4+ 63. Kg3 Kf5 64. Bb7 Rd3+ 65.
Bf3 Rc3 66. Kg2 Kf4 67. Be2 Rc2 68. Kf2 Rb2 69. h5 h6 70. Kf1 Ke3 71. Bc4 Rc2
72. Bb5 Kf3 73. Ke1 Rc5 74. Ba6 Ke3 75. Kf1 Rxh5 76. Kg2 Kf4 77. Bb7 Rb5 78. Ba8
Kg4 79. Bf3+ Kh4 80. Be4 Rb4 81. Bc6 Rb3 82. Bd5 Rd3 83. Bc6 Kg4 84. Bb7 Rd2+
85. Kf1 Kg3 86. Ke1 Rb2 0-1

[Event "Mistrzostwa Polski Juniorow do lat 18 - Chlopcy"]
[Site "Jastrzebia Gora"]
[Date "1899-12-30"]
[Round "6.9"]
[White "Grzesik, Gracjan"]
[Black "Madajczak, Piotr"]
[Result "1/2-1/2"]
[WhiteTitle "k"]
[BlackTitle "I+"]
[WhiteElo "2149"]
[BlackElo "1897"]

1. d4 d5 2. c4 e6 3. Nf3 Nf6 4. g3 Be7 5. Bg2 O-O 6. O-O c5 7. cxd5 Nxd5 8. e4
Nf6 9. Nc3 cxd4 10. Nxd4 Nbd7 11. Qe2 Qc7 12. Be3 a6 13. Rac1 Qb8 14. f4 Rd8 15.
e5 Ne8 16. Rfd1 Nc7 17. a3 Nf8 18. Nb3 Rxd1+ 19. Rxd1 a5 20. Bc5 Bxc5+ 21. Nxc5
Qa7 22. Qf2 Na6 23. N3e4 Nxc5 24. Nxc5 Qb6 25. Rd6 Qc7 26. Qd4 Rb8 27. Qc3 b6
28. Na4 Qxc3 29. bxc3 b5 30. Nc5 f6 31. Rd8 Kf7 32. Na6 Rb6 33. Nc5 Rb8 34. Na6
Rb6 35. Rxc8 Rxa6 36. Rc7+ Kg6 37. exf6 Kxf6 38. Rb7 Ng6 39. Rxb5 e5 40. fxe5+
Nxe5 41. Bd5 Nd7 42. Kf2 Ke7 43. Ke3 Kd6 44. Kd4 Nf6 45. c4 Ne8 46. Rb8 Kd7 47.
c5 Rh6 48. c6+ Ke7 49. Rb7+ Kd8 50. Rd7+ Kc8 51. Kc5 Nf6 52. Rxg7 Rh5 53. Rf7
Rxd5+ 54. Kb6 Ne8 55. Rxh7 Rd3 56. Rh8 Re3 57. a4 Kd8 58. g4 Ke7 59. Kxa5 Kd6
60. Rh6+ Kc5 61. Ka6 Rb3 62. g5 Nd6 63. c7 Rb6+ 64. Ka7 Rb7+ 65. Ka8 Rxc7 66.
Rf6 Ne4 67. Re6 Nxg5 68. Re5+ Kb6 69. a5+ Ka6 70. Kb8 Rg7 71. Kc8 1/2-1/2

[Event "Mistrzostwa Polski Juniorow do lat 18 - Chlopcy"]
[Site "Jastrzebia Gora"]
[Date "1899-12-30"]
[Round "6.10"]
[White "Stachecki, Mikolaj"]
[Black "Backiel, Hubert"]
[Result "0-1"]
[WhiteTitle "I++"]
[BlackTitle "k"]
[WhiteElo "2015"]
[BlackElo "2127"]

1. e4 c5 2. Nc3 a6 3. a4 e6 4. Nf3 Nc6 5. d4 cxd4 6. Nxd4 Nf6 7. Be2 Bb4 8. O-O
O-O 9. Nxc6 bxc6 10. e5 Nd5 11. Ne4 Qc7 12. f4 f5 13. exf6 Nxf6 14. Bd3 Nxe4 15.
Bxe4 d5 16. Bd3 Bd6 17. Qe2 Bd7 18. Kh1 e5 19. fxe5 Rxf1+ 20. Qxf1 Rf8 21. Qe2
Bxe5 22. c3 Re8 23. Bd2 g6 24. Qf2 Bxh2 25. Rf1 Bc8 26. Bh6 Bd6 27. Qf6 Qe7 28.
Qf2 a5 29. b3 Bd7 30. Bc2 Kh8 31. g3 Bh3 32. Rd1 Bc5 33. Qf3 Qe6 34. Rb1 Bg4 35.
Qf1 Bf3+ 36. Kh2 Qe2+ 37. Kh3 Bg2+ 0-1

[Event "Mistrzostwa Polski Juniorow do lat 18 - Chlopcy"]
[Site "Jastrzebia Gora"]
[Date "1899-12-30"]
[Round "6.11"]
[White "Czernek, Tymon"]
[Black "Smetek, Michal"]
[Result "1-0"]
[WhiteTitle "FM"]
[BlackTitle "I+"]
[WhiteElo "2314"]
[BlackElo "1787"]

1. e4 c6 2. d4 d5 3. f3 e6 4. Nc3 Bb4 5. Bd2 Ne7 6. Bd3 Nd7 7. Nce2 Bxd2+ 8. Qxd2
a5 9. e5 b6 10. f4 Ba6 11. Bxa6 Rxa6 12. Nf3 b5 13. g4 h5 14. gxh5 Rxh5 15. Ng3
Rh8 16. O-O-O Qb6 17. f5 exf5 18. Qf4 g6 19. h4 Nf8 20. Ng5 c5 21. h5 Ne6 22.
Nxe6 Qxe6 23. hxg6 Rxh1 24. gxf7+ Qxf7 25. Rxh1 Rg6 26. Nh5 Kd7 27. Qd2 b4 28.
Nf4 c4 29. Nxg6 Qxg6 30. Qh6 Qxh6+ 31. Rxh6 c3 32. bxc3 bxc3 33. Kd1 Kc7 34. Ke2
Nc6 35. Rxc6+ Kxc6 36. Ke3 Kd7 37. Ke4 1-0

[Event "Mistrzostwa Polski Juniorow do lat 18 - Chlopcy"]
[Site "Jastrzebia Gora"]
[Date "1899-12-30"]
[Round "6.12"]
[White "Wilk, Igor"]
[Black "Taranowicz, Michal"]
[Result "0-1"]
[WhiteTitle "I++"]
[BlackTitle "I++"]
[WhiteElo "2058"]
[BlackElo "1900"]

1. d4 e6 2. c4 c5 3. Nf3 Nf6 4. g3 cxd4 5. Nxd4 d5 6. Bg2 e5 7. Nf3 d4 8. O-O Nc6
9. e3 Be7 10. exd4 exd4 11. Bf4 Be6 12. Ne5 Rc8 13. Nd2 O-O 14. Nxc6 bxc6 15.
b3 Re8 16. Nf3 c5 17. Ne1 Qd7 18. Nd3 Bh3 19. Re1 Bf8 20. Be5 Bxg2 21. Kxg2 Rc6
22. Bxf6 Rxf6 23. Rxe8 Qxe8 24. Qd2 Qe4+ 25. Kg1 Rf3 26. Nf4 g5 27. Re1 Qf5 28.
Nd5 Kg7 29. Kg2 Bd6 30. Qe2 g4 31. Rh1 d3 32. Qd2 Be5 33. Rf1 Bd4 34. Nf4 h5 35.
h4 Kh7 36. a3 Be5 37. Rd1 Bxf4 38. gxf4 Qe4 39. Kg1 Rh3 0-1

[Event "Mistrzostwa Polski Juniorow do lat 18 - Chlopcy"]
[Site "Jastrzebia Gora"]
[Date "1899-12-30"]
[Round "6.13"]
[White "Paprocki, Antoni"]
[Black "Budzisz, Adrian"]
[Result "1-0"]
[WhiteTitle "k"]
[BlackTitle "k"]
[WhiteElo "2255"]
[BlackElo "2069"]

1. e4 e6 2. d4 d5 3. e5 c5 4. c3 Nc6 5. Nf3 Qb6 6. a3 c4 7. Nbd2 Na5 8. h4 Bd7
9. Rb1 Qc7 10. g3 Ne7 11. Bh3 Nc8 12. Nf1 Nb6 13. N1h2 Nb3 14. Be3 h6 15. h5 O-O-O
16. O-O Be7 17. Qe2 Rdg8 18. Kh1 Qd8 19. Ne1 Kb8 20. Ng2 Nc8 21. Rbe1 Ka8 22.
f4 g6 23. hxg6 Rxg6 24. f5 Rxg3 25. f6 Bf8 26. Qh5 Qe8 27. Bg4 Rxe3 28. Rxe3 Nd2
29. Rfe1 Ne4 30. Kg1 Nb6 31. Nf1 Na4 32. R1e2 Bc6 33. Nd2 Ng5 34. Nf3 Ne4 35.
Kh2 Rg8 36. Nf4 Qb8 37. Qxf7 Nxf6 38. Qxf6 Rxg4 39. Nxe6 Bd7 40. Nxf8 Qe8 41.
Kh1 1-0

[Event "Mistrzostwa Polski Juniorow do lat 18 - Chlopcy"]
[Site "Jastrzebia Gora"]
[Date "1899-12-30"]
[Round "6.14"]
[White "Dziendziel, Mateusz"]
[Black "Kozlowski, Franciszek"]
[Result "1-0"]
[WhiteTitle "I++"]
[BlackTitle "I+"]
[WhiteElo "2084"]
[BlackElo "1829"]

1. e4 c6 2. d4 d5 3. e5 c5 4. dxc5 e6 5. a3 Bxc5 6. Qg4 Ne7 7. Bd3 Nbc6 8. Nf3
Ng6 9. b4 Bb6 10. Bb2 Bc7 11. O-O O-O 12. Qh5 Qe8 13. b5 Nce7 14. Ng5 h6 15. Nh3
Bd7 16. a4 Rc8 17. Nd2 Ba5 18. Nb1 Bc7 19. Ra3 Nh8 20. Qg4 Nhg6 21. Re1 f5 22.
exf6 gxf6 23. Qh5 Kh7 24. Bc1 Ng8 25. Rc3 e5 26. Nf4 e4 27. Nxd5 Be5 28. Rxc8
Qxc8 29. Rxe4 f5 30. Re1 Be6 31. c4 Qd7 32. g3 Rf7 33. Bc2 Rg7 34. Bxh6 Nxh6 35.
Rxe5 Bxd5 36. Bxf5 Be6 37. Rxe6 1-0

[Event "Mistrzostwa Polski Juniorow do lat 18 - Chlopcy"]
[Site "Jastrzebia Gora"]
[Date "1899-12-30"]
[Round "6.15"]
[White "Syrkiewicz, Michal"]
[Black "Kotowicz, Kamil"]
[Result "1/2-1/2"]
[WhiteTitle "k"]
[BlackTitle "I"]
[WhiteElo "2000"]
[BlackElo "1828"]

1. e4 c5 2. Nf3 Nc6 3. Bb5 g6 4. Bxc6 dxc6 5. d3 Bg7 6. h3 Nf6 7. Nc3 O-O 8. O-O
Ne8 9. Be3 b6 10. Qd2 e5 11. Bh6 Qe7 12. Rae1 Nc7 13. Nd1 f6 14. Bxg7 Kxg7 15.
Nh2 Ne6 16. Ne3 Nf4 17. h4 h5 18. g3 Ne6 19. Kh1 Kh7 20. Ng2 Ng7 21. f4 Bh3 22.
Rf2 Bxg2+ 23. Kxg2 Rad8 24. Qe2 Rde8 25. f5 gxf5 26. exf5 Qf7 27. Kh3 Rh8 28.
g4 hxg4+ 29. Nxg4 Kg8 30. Qe4 Rc8 31. Rg2 Kf8 32. Nxe5 fxe5 33. Qxe5 Qxf5+ 34.
Qxf5+ Nxf5 35. Rf2 Rxh4+ 36. Kg2 Rg4+ 37. Kf1 Rg5 38. Re5 Kf7 39. Rfxf5+ Rxf5+
40. Rxf5+ Ke6 41. Rh5 Re8 42. Ke2 Kd6+ 43. Kd2 Re5 44. Rh7 Re7 45. Rh5 Ke5 1/2-1/2

[Event "Mistrzostwa Polski Juniorow do lat 18 - Chlopcy"]
[Site "Jastrzebia Gora"]
[Date "1899-12-30"]
[Round "6.16"]
[White "Lis, Maksymilian"]
[Black "Kitewski, Bartosz"]
[Result "1-0"]
[WhiteTitle "I"]
[BlackTitle "I++"]
[WhiteElo "1784"]
[BlackElo "1968"]

1. d4 Nf6 2. c4 g6 3. Nf3 Bg7 4. Nc3 d5 5. Bd2 O-O 6. cxd5 Nxd5 7. e4 Nxc3 8. Bxc3
e6 9. Qc2 Nd7 10. Rd1 b6 11. Bc4 Bb7 12. O-O Qe7 13. Rfe1 c5 14. d5 exd5 15. Bxg7
Kxg7 16. exd5 Qd6 17. Ng5 Nf6 18. Qc3 Kg8 19. Ne6 fxe6 20. dxe6 Qf4 21. e7+ Rf7
22. Qb3 Ne8 23. Bxf7+ Qxf7 24. Qxf7+ Kxf7 25. Rd8 Bc6 26. f3 Ng7 27. e8=Q+ 1-0

[Event "Mistrzostwa Polski Juniorow do lat 18 - Chlopcy"]
[Site "Jastrzebia Gora"]
[Date "1899-12-30"]
[Round "6.17"]
[White "Zeissel, Andrzej"]
[Black "Pisarek, Jan"]
[Result "0-1"]
[WhiteTitle "I"]
[BlackTitle "I"]
[WhiteElo "1717"]
[BlackElo "1931"]

1. e4 c5 2. Nc3 e6 3. Nge2 Nc6 4. d4 cxd4 5. Nxd4 Nf6 6. Nxc6 bxc6 7. e5 Nd5 8.
Ne4 Qa5+ 9. c3 Ba6 10. Bxa6 Qxa6 11. b3 Qa5 12. Qf3 f5 13. exf6 Nxf6 14. Nxf6+
gxf6 15. O-O Qd5 16. Qh3 h5 17. Be3 Qe4 18. Bd4 Be7 19. f4 c5 20. Rae1 Qc6 21.
Bf2 f5 22. Bh4 Bxh4 23. Qxh4 Kf7 24. Re3 Rag8 25. Rg3 Rxg3 26. Qxg3 Rg8 27. Qf3
Qxf3 28. Rxf3 h4 29. Kf2 a5 30. Rh3 Rg4 31. g3 hxg3+ 32. hxg3 Rg8 33. Rh7+ Ke8
34. Rh5 Ke7 35. Rh1 c4 36. Rb1 Rh8 37. Ke3 Rh3 38. Rg1 Rh2 39. Kd4 cxb3 40. axb3
Rb2 41. Ra1 Rg2 42. Rxa5 Rxg3 43. b4 Rf3 44. b5 d6 45. Ra7+ Kd8 46. Rh7 Rxf4+
47. Kd3 d5 48. b6 Kc8 49. Re7 Re4 50. Rf7 f4 51. Kd2 e5 52. Kd3 Rc4 53. Kd2 Rc6
54. Re7 e4 55. b7+ Kb8 56. Rd7 Rc5 57. Rf7 f3 58. Rd7 Ka7 59. Rf7 Rc6 60. Rd7
Rf6 61. Ke1 f2+ 62. Kf1 e3 63. Re7 Rf3 64. Re5 Kxb7 65. Re6 Kc7 66. Re8 Kd6 0-1